Normale Ansicht MARC-Ansicht ISBD

Studentenwerk Frankfurt will gendergerechten Namen. (Titelsatznr. 371432)

[ MARC ]
MARC-Details
000 -Satzkennung
Kontrollfeld mit fester Länge 00796nam a22001937a 4500
008 - Feld mit fester Länge zur physischen Beschreibung - Allgemeine Angaben
Kontrollfeld mit fester Länge 201127b ||||| |||| 00| 0 eng d
040 ## - Katalogisierungsquelle
Original-Katalogisierungsstelle DE-2950
Katalogisierungssprache ger
Übertragungsstelle DE-2950
Beschreibungsfestlegungen rda
041 ## - Sprachcode
Sprachcode des Textes/der Tonspur oder des separaten Titels ger
245 ## - Titel
Haupttitel Studentenwerk Frankfurt will gendergerechten Namen.
Titelzusatz Universität: Die für mehrere Hochschulen in Ostbrandenburg zuständige Einrichtung plant eine Umbenennung. Und es gibt weitere Vorhaben für 2022 /
Verantwortlichkeitsangabe Jacqueline Westermann
264 ## - Veröffentlichungsangabe, Vertriebsangabe, Herstellungsangabe
Erscheinungs-, Vertriebs-, Herstellungsdatum 2022
653 ## - Lokales Schlagwort
Nicht-normierter Term Frankfurt (Oder)
653 ## - Lokales Schlagwort
Nicht-normierter Term Europa-Universität Viadrina
653 ## - Lokales Schlagwort
Nicht-normierter Term Studentenwerk
773 ## - Übergeordnete Einheit
Ort, Verlag und Erscheinungsjahr Frankfurt (Oder) Märkisches Verlags- und Druckhaus GmbH & Co KG
Titel Märkische Oderzeitung
Verknüpfungsangaben 33. Jahrgang (2022) Nr. 39 vom 16.02.2022, S. 13
942 ## - Zusätzliche Felder (Koha)
Koha-Medientyp Aufsätze
Exemplare
Ausgeschieden Verloren Beschädigt Nicht entleihbar Permanenter Standort Aktueller Standort Aufstellungsort Eingabedatum Anzahl Ausleihen Signatur Letzte Aktivität Preis gültig von Medientyp
        Stadtarchiv Frankfurt (Oder) | Archivbibliothek Stadtarchiv Frankfurt (Oder) | Archivbibliothek Magazin 21/02/2022   Z2 21/02/2022 21/02/2022 Aufsätze